01263nam a22002057a 45000010005000000030006000050050017000110080041000280200018000690400029000870500012001160820008001281000029001362450084001652600051002493000046003005200653003466500033009997000025010329737FISKH20260331154040.0260203b cb ||||| |||| 00| 0 eng d a9781107667679 aFISKHbengcFISKHdFISKH aQA107.2 a510 aMoseley, Cherri eAuthor aCambridge primary Mathematics leaner's book 3 /cCherri Moseley and Janet Rees  aNew York :bCambridge University Press ,c2014 a138 pages :bcolor illustrations ;c28 cm aThis series is endorsed by Cambridge International Examinations and is part of Cambridge Maths. Children will enjoy learning mathematics with this fun and attractive learner's book for stage 3. A variety of questions, activities, investigations and games that are designed to reinforce the concepts learnt in the core activities in the teacher's guide and address misconceptions are included along with hints and tips. Clear, often pictorial, explanation of mathematical vocabulary will help children learn new terms whether they are native English speakers or second language speakers and great care has been made to ensure language is accessible. aLearner's bookvMathematics  aRees, Janet eAuthor